000167490 001__ 167490
000167490 005__ 20260121151437.0
000167490 037__ $$aTAZ-TFG-2025-328
000167490 041__ $$aspa
000167490 1001_ $$aMarqués Benito, Mario
000167490 24200 $$aComparative study of gender equality and work-life balance policies in Germany, Spain, Finland and France
000167490 24500 $$aEstudio comparativo de las políticas sobre igualdad de género y conciliación en Alemania, España, Finlandia Y Francia
000167490 260__ $$aZaragoza$$bUniversidad de Zaragoza$$c2025
000167490 506__ $$aby-nc-sa$$bCreative Commons$$c3.0$$uhttp://creativecommons.org/licenses/by-nc-sa/3.0/
000167490 520__ $$aLas políticas de conciliación laboral y familiar varían según el modelo de estado de bienestar y los planes de igualdad de cada país, influyendo en la respuesta a las desigualdades de género en el trabajo. Esping-Andersen (1994) destaca que, en modelos universalistas como Finlandia, la conciliación se basa en servicios públicos como el cuidado infantil y permisos parentales. Sin embargo, países conservadores como Alemania y Francia mantienen modelos familiares tradicionales. Después, países con modelo mediterráneo como España combinan limitadas medidas públicas con incentivos privados. La Directiva (UE) 2019/1158 establece requisitos mínimos para lograr la igualdad de género en el mercado laboral, facilitando la conciliación de la vida laboral y familiar. Los planes de igualdad son esenciales para adaptar las políticas de conciliación, priorizando la flexibilidad laboral, permisos parentales y de cuidado e igualdad salarial. <br /><br />
000167490 521__ $$aGraduado en Relaciones Laborales y Recursos Humanos
000167490 540__ $$aDerechos regulados por licencia Creative Commons
000167490 691__ $$a5 10
000167490 692__ $$aIgualdad de género y reducción de las desigualdades en el ámbito laboral y social.
000167490 700__ $$aSanz De Miguel, Pablo$$edir.
000167490 7102_ $$aUniversidad de Zaragoza$$bPsicología y Sociología$$cSociología
000167490 8560_ $$f819404@unizar.es
000167490 8564_ $$s1067387$$uhttps://zaguan.unizar.es/record/167490/files/TAZ-TFG-2025-328.pdf$$yMemoria (spa)
000167490 909CO $$ooai:zaguan.unizar.es:167490$$pdriver$$ptrabajos-fin-grado
000167490 950__ $$a
000167490 951__ $$adeposita:2026-01-21
000167490 980__ $$aTAZ$$bTFG$$cSOCIZ
000167490 999__ $$a20250220225649.CREATION_DATE